[Event "Hastings Masters"]
[Site "?"]
[Date "2010.01.01"]
[Round "5.30"]
[White "Atako, Chino"]
[Black "Ledger, David J"]
[Result "1/2-1/2"]
[WhiteElo "2038"]
[BlackElo "2227"]
[PlyCount "130"]
[EventDate "2010.01.01"]
[SourceDate "2010.01.01"]

1. e4 e5 2. Nf3 Nc6 3. Nc3 Nf6 4. Bb5 Bd6 5. O-O O-O 6. d3 h6 7. a3 Re8 8. Bc4
Bf8 9. d4 d6 10. h3 a6 11. Be3 b5 12. Be2 exd4 13. Nxd4 Nxd4 14. Bxd4 Bb7 15.
Bxf6 Qxf6 16. Bf3 g6 17. Qd3 Qe5 18. Rfe1 Bg7 19. Rad1 Rad8 20. g3 c5 21. Bg2
g5 22. Re3 Rd7 23. Rde1 Qd4 24. Qe2 Bc6 25. Rd1 Qe5 26. Re1 Rb8 27. b4 cxb4 28.
axb4 Qd4 29. Nd5 Be5 30. c3 Qc4 31. Qg4 Rbb7 32. f4 Bxd5 33. fxe5 Be6 34. Qh5
dxe5 35. Qxh6 g4 36. hxg4 Qc7 37. g5 Rb6 38. g6 fxg6 39. Qxg6+ Kf8 40. Qh6+ Rg7
41. Rf1+ Bf7 42. Rf6 Rxf6 43. Qxf6 Rg6 44. Qf2 Kg7 45. Rf3 Be6 46. Qe3 Bg4 47.
Rf2 Qb6 48. Qxb6 Rxb6 49. Rd2 Rc6 50. Rd3 Kf7 51. Kf2 Be6 52. Ke1 Ke7 53. Bf3
Bc4 54. Re3 Rh6 55. Kf2 Rd6 56. Be2 Bb3 57. Bg4 Rd2+ 58. Be2 Ra2 59. Kf3 Be6
60. Kf2 Bg4 61. Ke1 Ra1+ 62. Kd2 Ra2+ 63. Ke1 Ra1+ 64. Kd2 Ra2+ 65. Ke1 Ra1+
1/2-1/2

[Event "Hastings Masters"]
[Site "?"]
[Date "2010.01.01"]
[Round "5.32"]
[White "Kirk, Jason"]
[Black "Mitchell, Martin"]
[Result "0-1"]
[WhiteElo "1994"]
[BlackElo "2195"]
[PlyCount "124"]
[EventDate "2010.01.01"]
[SourceDate "2010.01.01"]

1. d4 c5 2. d5 e5 3. e4 d6 4. Nc3 Be7 5. Nf3 Bg4 6. h3 Bxf3 7. Qxf3 Bg5 8. Bb5+
Kf8 9. Bxg5 Qxg5 10. h4 Qe7 11. a4 h5 12. Qh3 g6 13. Ra3 Kg7 14. Nd1 Nf6 15. f3
Na6 16. Bxa6 bxa6 17. Ne3 Rab8 18. Qg3 Kh7 19. Nc4 Rb4 20. b3 Rxc4 21. bxc4 Rb8
22. O-O Rb4 23. c3 Rb2 24. Qg5 Kg7 25. Qc1 Qb7 26. a5 Ng8 27. Ra1 Nh6 28. Rb1
Rxb1 29. Qxb1 Qc7 30. Qa2 f5 31. Qa4 Nf7 32. exf5 gxf5 33. Qc6 Qxa5 34. Qd7
Qxc3 35. Qxf5 Qd4+ 36. Rf2 Qxc4 37. Qxh5 Qxd5 38. Qg4+ Kf6 39. h5 Qd1+ 40. Kh2
Qd4 41. Qxd4 exd4 42. Kg1 Kg5 43. g4 Kf4 44. Rh2 Ke3 45. Kf1 d3 46. Ke1 c4 47.
f4 c3 48. Kd1 a5 49. h6 a4 50. h7 a3 51. Ra2 c2+ 52. Kc1 Ke2 53. Rxc2+ dxc2 54.
Kxc2 d5 55. g5 d4 56. g6 d3+ 57. Kc3 a2 58. Kb2 d2 59. h8=Q Nxh8 60. g7 a1=Q+
61. Kxa1 d1=Q+ 62. Kb2 Qd4+ 0-1

[Event "Hastings Masters"]
[Site "?"]
[Date "2010.01.01"]
[Round "5.33"]
[White "Maduekwe, Chiedu"]
[Black "Spanton, Tim R"]
[Result "1-0"]
[WhiteElo "2182"]
[BlackElo "2026"]
[PlyCount "67"]
[EventDate "2010.01.01"]
[SourceDate "2010.01.01"]

1. d4 d5 2. c4 e6 3. Nf3 Nf6 4. g3 c5 5. cxd5 exd5 6. Bg2 Nc6 7. O-O Be7 8. Nc3
O-O 9. Bg5 cxd4 10. Nxd4 h6 11. Be3 Re8 12. Rc1 Bg4 13. h3 Be6 14. Kh2 Qd7 15.
Qa4 Bd6 16. Rfd1 a6 17. Rd2 b5 18. Qd1 Ne5 19. Nb3 Nc4 20. Nxd5 Nxd5 21. Bxd5
Nxe3 22. fxe3 Bxg3+ 23. Kxg3 Qd6+ 24. Kg2 Bxd5+ 25. Rxd5 Qg6+ 26. Kf2 Rad8 27.
Qd4 Rxd5 28. Qxd5 Qf6+ 29. Qf3 Qh4+ 30. Qg3 Qf6+ 31. Qf4 Qxb2 32. Rc7 f6 33.
Nd4 Qxa2 34. Qg4 1-0

[Event "Hastings Masters"]
[Site "?"]
[Date "2010.01.01"]
[Round "5.34"]
[White "Webb, Matthew"]
[Black "Snape, Ian L"]
[Result "0-1"]
[WhiteElo "1987"]
[BlackElo "2176"]
[PlyCount "92"]
[EventDate "2010.01.01"]
[SourceDate "2010.01.01"]

1. e4 c5 2. a3 g6 3. h4 h5 4. d4 cxd4 5. c3 d5 6. Qxd4 Nf6 7. e5 Nc6 8. Bb5 Ng4
9. c4 Be6 10. f3 Nh6 11. cxd5 Nf5 12. Qa4 Bxd5 13. Nc3 Bg7 14. Bf4 a6 15. Nxd5
Qxd5 16. Bxc6+ bxc6 17. Rc1 O-O 18. Qxc6 Qd4 19. Ne2 Qxb2 20. Qc3 Qb5 21. Nd4
Nxd4 22. Qxd4 Rfd8 23. Qb4 Qxb4+ 24. axb4 Rd4 25. Bd2 Bxe5 26. Ke2 Rb8 27. Rc6
Rd6 28. Rhc1 Rxd2+ 29. Kxd2 Bf4+ 30. Kd1 Bxc1 31. Kxc1 Rxb4 32. Rxa6 Rxh4 33.
Kd1 Rh1+ 34. Ke2 Kg7 35. Kf2 h4 36. f4 Rb1 37. Ra3 Rb2+ 38. Kf3 f5 39. Ra7 Rb3+
40. Kf2 Kf6 41. Ra8 Rb4 42. Kf3 Re4 43. Rh8 Kg7 44. Rxh4 g5 45. Rh5 Rxf4+ 46.
Ke3 Ra4 {remaining moves illegible} 0-1

[Event "Hastings Masters"]
[Site "?"]
[Date "2010.01.01"]
[Round "5.36"]
[White "Pickersgill, Adrian O"]
[Black "Addison, Bret C"]
[Result "0-1"]
[WhiteElo "2014"]
[BlackElo "2258"]
[PlyCount "134"]
[EventDate "2010.01.01"]
[SourceDate "2010.01.01"]

1. e4 e5 2. Nf3 Nc6 3. Bb5 a6 4. Ba4 Nf6 5. d3 b5 6. Bb3 Be7 7. O-O O-O 8. c3
d6 9. Re1 Na5 10. Bc2 c5 11. Nbd2 Nc6 12. Nf1 Nd7 13. Ng3 Nb6 14. h3 Re8 15. d4
Bf8 16. b3 g6 17. Be3 Qe7 18. Rc1 Rb8 19. Qd2 Bg7 20. d5 Nd8 21. Rf1 a5 22. Bd3
b4 23. c4 a4 24. Kh2 Ra8 25. Rc2 Nb7 26. Rb1 Bd7 27. Qc1 axb3 28. axb3 Ra3 29.
Re2 Rea8 30. Qd1 Qf8 31. Bc1 R3a5 32. Qd2 R8a7 33. Bc2 Ra2 34. Qe3 R2a6 35. Ne1
Na5 36. Nf3 f6 37. Nh4 Qe7 38. Nf3 Nb7 39. Qd3 Nd8 40. Bd1 Nf7 41. h4 h5 42.
Reb2 Bh6 43. Kg1 Bxc1 44. Rxc1 Ra3 45. Qd2 Qf8 46. Nf1 Qh6 47. Qxh6 Nxh6 48.
Ne3 Ng4 49. Nxg4 hxg4 50. Nd2 f5 51. g3 Ra1 52. Rcb1 R7a2 53. Rxa2 Rxa2 54. Nf1
Kg7 55. Ne3 Kf6 56. f3 gxf3 57. Bxf3 f4 58. Nf1 g5 59. gxf4 exf4 60. hxg5+ Kxg5
61. Re1 Kf6 62. Bd1 Bh3 63. Nh2 Nd7 64. Re2 Ra1 65. Rd2 Ne5 66. Kf2 Rb1 67. Bc2
Rh1 0-1

[Event "Hastings Masters"]
[Site "?"]
[Date "2010.01.01"]
[Round "5.37"]
[White "Gregory, Stephen J"]
[Black "Gibson, Christopher A"]
[Result "1-0"]
[WhiteElo "2126"]
[BlackElo "1964"]
[PlyCount "103"]
[EventDate "2010.01.01"]
[SourceDate "2010.01.01"]

1. e4 c5 2. Nf3 Nc6 3. d3 e6 4. g3 d5 5. Nbd2 Nf6 6. Bg2 Be7 7. O-O O-O 8. Re1
b5 9. e5 Nd7 10. Nf1 a5 11. h4 b4 12. N1h2 Ba6 13. h5 h6 14. Ng4 c4 15. dxc4
Bxc4 16. Bf4 Rc8 17. Qd2 Re8 18. Kh2 Nf8 19. Bxh6 gxh6 20. Nxh6+ Kg7 21. b3 Bb5
22. a4 Ba6 23. Nxf7 Kxf7 24. Qh6 Kg8 25. Bh3 Nd4 26. Nxd4 Bg5 27. Bxe6+ Rxe6
28. Nxe6 Bxh6 29. Nxd8 Rxd8 30. e6 Re8 31. e7 Bg7 32. Rad1 Bb7 33. exf8=Q+ Rxf8
34. Re7 Rxf2+ 35. Kg1 Rf7 36. Rxf7 Kxf7 37. Rf1+ Kg8 38. Rf5 d4 39. Rxa5 Be4
40. Rc5 d3 41. Rc8+ Kh7 42. cxd3 Bxd3 43. Kf2 Bc3 44. Ke3 Bc2 45. a5 Bxb3 46.
a6 Bd5 47. a7 b3 48. Rxc3 b2 49. a8=Q b1=Q 50. Rc7+ Kh6 51. Qh8+ Kg5 52. Rg7+
1-0

[Event "Hastings Masters"]
[Site "?"]
[Date "2010.01.01"]
[Round "5.38"]
[White "Straub, Peter"]
[Black "Norinceviciute, Rasa"]
[Result "0-1"]
[WhiteElo "2122"]
[BlackElo "2027"]
[PlyCount "122"]
[EventDate "2010.01.01"]
[SourceDate "2010.01.01"]

1. d4 Nf6 2. Nf3 b6 3. g3 Bb7 4. Bg2 e6 5. O-O c5 6. c4 d5 7. Nc3 Nbd7 8. b3
dxc4 9. bxc4 cxd4 10. Qxd4 Bc5 11. Qh4 Be7 12. Qf4 O-O 13. Bb2 Qb8 14. Qxb8
Raxb8 15. Rac1 Rbc8 16. Nb5 a6 17. Nbd4 Rc7 18. Nd2 Bxg2 19. Kxg2 Rfc8 20. a3
Nc5 21. Rb1 Nfe4 22. N4f3 f6 23. Bd4 Nxd2 24. Nxd2 Rc6 25. f4 Rd8 26. Be3 Na4
27. Rb3 Bc5 28. Kf3 Kf7 29. Rfb1 Ke7 30. Rd3 Rd7 31. Rbb3 Kd8 32. Rb1 Kc7 33.
h3 Rcd6 34. Rxd6 Rxd6 35. Ne4 Rc6 36. Nd2 f5 37. g4 Rd6 38. g5 Rd7 39. h4 g6
40. Rb3 Kc6 41. Rb1 Re7 42. Nb3 e5 43. Nxc5 Nxc5 44. h5 exf4 45. Bxf4 Re4 46.
Rd1 Nb7 47. Rh1 Re6 48. hxg6 hxg6 49. Ra1 Re4 50. Rh1 Re6 51. Rd1 Na5 52. Rd4
Kc5 53. Be3 Kc6 54. Rh4 Nb7 55. Bd4 Nd6 56. Bf6 Nf7 57. Rh7 Rxf6 58. gxf6 Ng5+
59. Kf4 Nxh7 60. Ke5 Kc5 61. f7 Kxc4 0-1

[Event "Hastings Masters"]
[Site "?"]
[Date "2010.01.01"]
[Round "5.39"]
[White "Barton, R Alan"]
[Black "Niloy, Chakraborty"]
[Result "1-0"]
[WhiteElo "2119"]
[BlackElo "1800"]
[PlyCount "45"]
[EventDate "2010.01.01"]
[SourceDate "2010.01.01"]

1. Nf3 d5 2. d4 e6 3. Bf4 c5 4. e3 c4 5. Be2 Nf6 6. O-O Nc6 7. b3 b5 8. a4 Ba6
9. axb5 Bxb5 10. Nbd2 Rc8 11. c3 Nh5 12. bxc4 dxc4 13. Be5 f6 14. Ng5 fxe5 15.
Nxe6 Qe7 16. Bxh5+ g6 17. Bg4 Rb8 18. d5 Nd8 19. Nxf8 Rxf8 20. Ne4 Nf7 21. d6
Qb7 22. d7+ Kd8 23. Nc5 1-0

[Event "Hastings Masters"]
[Site "?"]
[Date "2010.01.01"]
[Round "5.40"]
[White "Doran, Chris"]
[Black "Tozer, Philip"]
[Result "0-1"]
[WhiteElo "1963"]
[BlackElo "2106"]
[PlyCount "54"]
[EventDate "2010.01.01"]
[SourceDate "2010.01.01"]

1. e4 e6 2. d4 d5 3. exd5 exd5 4. Bd3 Nc6 5. Ne2 Bg4 6. c3 Qd7 7. Bf4 Bd6 8.
Bxd6 Qxd6 9. Na3 a6 10. Qb3 Rb8 11. h3 Bh5 12. O-O Nge7 13. Ng3 Bg6 14. Bxg6
hxg6 15. Rfe1 Kf8 16. Re3 Kg8 17. Rae1 g5 18. Qc2 g6 19. Qe2 Nf5 20. Nxf5 gxf5
21. Rg3 f6 22. f4 Kf7 23. fxg5 Qxg3 24. Qe6+ Kg6 25. Qxf6+ Kh5 26. Qf7+ Kh4 27.
Re6 Nd8 0-1

[Event "Hastings Masters"]
[Site "?"]
[Date "2010.01.01"]
[Round "5.41"]
[White "Hoare, Amy"]
[Black "Foord, Dominic"]
[Result "1/2-1/2"]
[WhiteElo "1797"]
[BlackElo "2051"]
[PlyCount "84"]
[EventDate "2010.01.01"]
[SourceDate "2010.01.01"]

1. e4 e5 2. Bc4 Nc6 3. d3 Nf6 4. Nc3 Na5 5. Bb3 c6 6. Nf3 Nxb3 7. axb3 d6 8. h3
Be7 9. O-O O-O 10. d4 Qc7 11. Be3 a6 12. Re1 Bd7 13. Qd3 Kh8 14. Rad1 Rae8 15.
dxe5 dxe5 16. Nxe5 Qxe5 17. Bd4 Qa5 18. Bxf6 Bxf6 19. Qxd7 Bxc3 20. bxc3 Qxc3
21. Qd3 Qe5 22. Re3 h6 23. Qd4 Qxd4 24. Rxd4 Re7 25. Red3 Rfe8 26. f3 g5 27.
Rd7 Kg7 28. Kf2 Kf6 29. R3d6+ Kg7 30. Rxe7 Rxe7 31. g4 a5 32. Ke3 Re6 33. Rxe6
fxe6 34. e5 b5 35. Kd4 Kf7 36. c4 b4 37. Ke4 Ke7 38. Kd3 Kd7 39. Kd4 Kc7 40. c5
Kb7 41. Kd3 Ka6 42. Kc4 Ka7 1/2-1/2

[Event "Hastings Masters"]
[Site "?"]
[Date "2010.01.01"]
[Round "5.42"]
[White "Obiamiwe, Paul"]
[Black "Macrae, James S"]
[Result "1/2-1/2"]
[WhiteElo "2046"]
[BlackElo "1753"]
[PlyCount "76"]
[EventDate "2010.01.01"]
[SourceDate "2010.01.01"]

1. d4 d5 2. Nf3 e6 3. e3 Nf6 4. Bd3 Bd6 5. Nbd2 Nbd7 6. O-O O-O 7. Re1 e5 8. e4
Re8 9. exd5 exd4 10. Nxd4 Rxe1+ 11. Qxe1 Nxd5 12. N2f3 h6 13. Bd2 Nc5 14. Bf5
Bxf5 15. Nxf5 Bf8 16. Rd1 Qf6 17. Qe5 Qxe5 18. Nxe5 Ne4 19. Ne3 Nxd2 20. Nxd5
Bd6 21. Rxd2 Bxe5 22. c3 Kf8 23. f4 Bd6 24. g3 Rd8 25. Re2 Bc5+ 26. Ne3 Re8 27.
Kf2 a6 28. Kf3 c6 29. Ng4 Rxe2 30. Kxe2 h5 31. Ne5 Ke7 32. Nd3 Bd6 33. Kf3 Ke6
34. Ke4 b6 35. c4 c5 36. h3 Bc7 37. g4 hxg4 38. hxg4 g6 1/2-1/2

[Event "Hastings Masters"]
[Site "?"]
[Date "2010.01.01"]
[Round "5.43"]
[White "Lock, Gavin R"]
[Black "Yurenok, Maria"]
[Result "1-0"]
[WhiteElo "2170"]
[BlackElo "1968"]
[PlyCount "97"]
[EventDate "2010.01.01"]
[SourceDate "2010.01.01"]

1. d4 d5 2. Nf3 Nf6 3. c4 c6 4. Nc3 dxc4 5. a4 Bf5 6. Ne5 Nbd7 7. Nxc4 Qc7 8.
g3 e5 9. dxe5 Nxe5 10. Bf4 Nfd7 11. Bg2 f6 12. O-O Rd8 13. Nxe5 Nxe5 14. Qc1
Bc5 15. a5 a6 16. Ra4 O-O 17. Ne4 Ba7 18. Qc3 Qe7 19. Be3 Bxe3 20. Qxe3 Nf7 21.
Qc5 Qxc5 22. Nxc5 Bc8 23. e3 Nd6 24. Rc1 Nb5 25. Bf1 Rfe8 26. Kg2 Rd2 27. b3
Kf8 28. Bxb5 axb5 29. Rd4 Ra2 30. b4 Be6 31. e4 Re7 32. Rcd1 Kf7 33. Rd8 Rb2
34. R8d4 Bc4 35. Rd7 Rxb4 36. Rxe7+ Kxe7 37. Rd7+ Kf8 38. Rxb7 Rb1 39. a6 Bf1+
40. Kf3 Ra1 41. a7 Ra3+ 42. Kf4 Bh3 43. e5 g5+ 44. Ke4 Bc8 45. Rc7 Bg4 46. exf6
h5 47. Ke5 Ra2 48. f3 Re2+ 49. Ne4 1-0

[Event "Hastings Masters"]
[Site "?"]
[Date "2010.01.01"]
[Round "5.44"]
[White "Campbell, Eoin"]
[Black "Horn, Stefan"]
[Result "1/2-1/2"]
[WhiteElo "1910"]
[BlackElo "2074"]
[PlyCount "36"]
[EventDate "2010.01.01"]
[SourceDate "2010.01.01"]

1. Nf3 Nf6 2. c4 e6 3. g3 Be7 4. Bg2 c5 5. O-O O-O 6. Nc3 d5 7. cxd5 exd5 8. d4
c4 9. Bf4 Bf5 10. Bxb8 Rxb8 11. a4 h6 12. Ne5 Bb4 13. Nxd5 Nxd5 14. e4 c3 15.
Qb3 cxb2 16. Rab1 Bh7 17. Rxb2 Bc3 18. Re2 Bxd4 1/2-1/2

[Event "Hastings Masters"]
[Site "?"]
[Date "2010.01.01"]
[Round "5.45"]
[White "Haria, Ravi"]
[Black "Safarian, Alek"]
[Result "0-1"]
[WhiteElo "1840"]
[BlackElo "2018"]
[PlyCount "125"]
[EventDate "2010.01.01"]
[SourceDate "2010.01.01"]

1. e4 c5 2. Nc3 d6 3. f4 g6 4. Nf3 Bg7 5. Bb5+ Bd7 6. Bc4 e6 7. O-O Ne7 8. d3
Nbc6 9. f5 exf5 10. Ng5 Ne5 11. exf5 Nxf5 12. Nge4 Nxc4 13. dxc4 O-O 14. Nd5
Bd4+ 15. Kh1 Qh4 16. Rf4 Qd8 17. g4 Ng7 18. Nef6+ Kh8 19. Rxd4 cxd4 20. Qxd4
Re8 21. Nxe8 Qxe8 22. Bh6 Qe5 23. Qxe5 dxe5 24. h3 Rc8 25. b3 b5 26. cxb5 Rxc2
27. a4 f5 28. Nf6 Bc8 29. Rd1 Ne6 30. gxf5 gxf5 31. Rc1 Bb7+ 32. Kg1 Rg2+ 33.
Kf1 Rg6 34. Be3 Rxf6 35. Bxa7 Nd4 36. Bxd4 exd4 37. a5 Be4 38. Ke1 Rg6 39. Rc8+
Kg7 40. a6 Rb6 41. a7 Rxb5 42. a8=Q Bxa8 43. Rxa8 Rxb3 44. Rd8 Kf6 45. Rxd4
Rxh3 46. Kf2 Kg5 47. Kg2 Rb3 48. Rc4 h5 49. Rc8 h4 50. Rc4 Rg3+ 51. Kf2 Rg4 52.
Rc8 h3 53. Rg8+ Kf4 54. Rh8 Rg2+ 55. Kf1 Kg3 56. Rg8+ Kf3 57. Rf8 Rg5 58. Rh8
Kg3 59. Kg1 f4 60. Rb8 f3 61. Kh1 Re5 62. Rb1 Re2 63. Rf1 0-1

[Event "Hastings Masters"]
[Site "?"]
[Date "2010.01.01"]
[Round "5.46"]
[White "McDonnell, James J"]
[Black "Malhotra, Tarun"]
[Result "0-1"]
[WhiteElo "2014"]
[BlackElo "1735"]
[PlyCount "114"]
[EventDate "2010.01.01"]
[SourceDate "2010.01.01"]

1. e4 c5 2. Nf3 Nc6 3. d4 cxd4 4. Nxd4 Nf6 5. Nc3 e5 6. Ndb5 d6 7. Bg5 a6 8.
Na3 b5 9. Nd5 Be7 10. Bxf6 Bxf6 11. c3 O-O 12. Nc2 Rb8 13. Bd3 Bg5 14. O-O g6
15. Qe2 f5 16. f3 f4 17. Rfb1 Bd7 18. a4 bxa4 19. Rxa4 a5 20. Bc4 Kg7 21. Ra2
h5 22. b3 Bh6 23. Na3 Be6 24. Rd2 g5 25. Nxf4 gxf4 26. Bxe6 Rf6 27. Qc4 Qb6+
28. Kf1 Nd8 29. Bf5 Nf7 30. Qd3 Kh8 31. c4 Bf8 32. Nb5 Be7 33. Nc3 Rh6 34. Nd5
Qa7 35. Nxe7 Qxe7 36. Qd5 Kg7 37. Qxa5 Qh4 38. h3 Rb7 39. Qd5 Rc7 40. Qd3 Qe7
41. Qd5 Rc5 42. Qd3 Qc7 43. Rc2 Qb6 44. b4 Rh8 45. Rcc1 Rc7 46. Be6 Ng5 47. Bd5
Rhc8 48. b5 Kh7 49. Qe2 Ra7 50. Rc2 Ra3 51. Ra2 Re3 52. Qf2 Rc7 53. Rd1 Rg7 54.
Ra6 Qc5 55. Rxd6 Nxh3 56. gxh3 Qa3 57. Bg8+ Kxg8 0-1

[Event "Hastings Masters"]
[Site "?"]
[Date "2010.01.01"]
[Round "5.47"]
[White "Sanders, Isaac B"]
[Black "Young, Mel J"]
[Result "0-1"]
[WhiteElo "1777"]
[BlackElo "1971"]
[PlyCount "72"]
[EventDate "2010.01.01"]
[SourceDate "2010.01.01"]

1. e4 c5 2. Nf3 d6 3. d4 cxd4 4. Nxd4 Nf6 5. Nc3 a6 6. Be3 e5 7. Nb3 Be6 8. Be2
Be7 9. O-O O-O 10. a4 Nbd7 11. a5 Rc8 12. f3 Qc7 13. Qd2 Rfd8 14. Rfc1 Qc6 15.
g4 d5 16. g5 d4 17. Bxd4 exd4 18. Nxd4 Qc5 19. Na4 Nxe4 20. Nxc5 Nxd2 21. Nxb7
Bc5 22. Nxd8 Bxd4+ 23. Kh1 Rxd8 24. c3 Be3 25. Re1 Bxg5 26. Bxa6 Nxf3 27. Rxe6
fxe6 28. Bb7 Nd2 29. a6 Be3 30. a7 Bxa7 31. Rxa7 Nc5 32. Bc6 Ndb3 33. Bf3 Rd2
34. Ra2 Kf7 35. h4 Kf6 36. h5 e5 0-1

[Event "Hastings Masters"]
[Site "?"]
[Date "2010.01.01"]
[Round "5.48"]
[White "Cumming, Rhys"]
[Black "Martinsen, Stig K"]
[Result "1/2-1/2"]
[WhiteElo "1969"]
[BlackElo "2240"]
[PlyCount "96"]
[EventDate "2010.01.01"]
[SourceDate "2010.01.01"]

1. e4 c5 2. c3 e6 3. d4 d5 4. e5 Nc6 5. Nf3 Nh6 6. Bd3 f6 7. exf6 gxf6 8. O-O
Nf7 9. Re1 Be7 10. Bf4 O-O 11. Nbd2 cxd4 12. cxd4 Qb6 13. Nb3 Bd7 14. Bg3 a5
15. Bh4 Kg7 16. Qc1 Nb4 17. Bb1 Bd6 18. Nc5 Bxc5 19. dxc5 Qc7 20. Nd4 Rae8 21.
Re3 Ne5 22. Bg3 Qd8 23. Bxe5 fxe5 24. Rxe5 Qf6 25. Nf3 Nc6 26. Rh5 h6 27. Qc2
Rh8 28. Rh3 Reg8 29. Qd2 d4 30. Nh4 Ne5 31. Qxd4 Bc6 32. Be4 Rd8 33. Qe3 Ng4
34. Qg3 h5 35. Bxc6 bxc6 36. Qc7+ Kh6 37. Rf1 Rd2 38. Nf3 Rxb2 39. Qxa5 Rhb8
40. Qa4 R8b4 41. Qa3 Rb1 42. Qd3 Rxf1+ 43. Kxf1 Rb2 44. Qd4 Rxf2+ 45. Ke1 Rxa2
46. Qxf6+ Nxf6 47. Nd4 Rxg2 48. Nxe6 Rc2 1/2-1/2

[Event "Hastings Masters"]
[Site "?"]
[Date "2010.01.01"]
[Round "5.49"]
[White "Tari, Aryan"]
[Black "Devoille, Hugo"]
[Result "1-0"]
[WhiteElo "1932"]
[BlackElo "1691"]
[PlyCount "63"]
[EventDate "2010.01.01"]
[SourceDate "2010.01.01"]

1. e4 c5 2. Nf3 e6 3. d4 cxd4 4. Nxd4 Nc6 5. Be3 a6 6. a3 Qc7 7. Nc3 Nf6 8. Be2
Be7 9. f4 d6 10. O-O Nxd4 11. Qxd4 O-O 12. Rad1 Rd8 13. f5 d5 14. Qb6 Bd6 15.
Qxc7 Bxc7 16. exd5 exf5 17. Bf3 h6 18. Na4 Rb8 19. Ba7 Ra8 20. Bb6 Bxb6+ 21.
Nxb6 Rb8 22. c4 Nd7 23. Nxd7 Bxd7 24. c5 Ba4 25. Rd4 Be8 26. Rc1 Rbc8 27. Rb4
Rb8 28. c6 bxc6 29. Rxb8 Rxb8 30. dxc6 Bxc6 31. Rxc6 Rxb2 32. Rxa6 1-0

[Event "Hastings Masters"]
[Site "?"]
[Date "2010.01.01"]
[Round "5.50"]
[White "Nomat, Emil-Lion"]
[Black "Moore, Gillian A"]
[Result "1/2-1/2"]
[WhiteElo "1809"]
[BlackElo "1902"]
[PlyCount "111"]
[EventDate "2010.01.01"]
[SourceDate "2010.01.01"]

1. e4 Nf6 2. e5 Nd5 3. d4 d6 4. Nf3 dxe5 5. Nxe5 c6 6. Bc4 Nd7 7. Nf3 N7f6 8.
O-O g6 9. Re1 Bg7 10. Bg5 O-O 11. Qc1 Re8 12. Nbd2 Be6 13. c3 h6 14. Bxf6 exf6
15. Ne4 b6 16. Bb3 Qc7 17. Bc2 Rad8 18. Ng3 Bf8 19. a3 Kg7 20. Bd3 Nf4 21. Qc2
Bd6 22. Ne4 Bf8 23. Bf1 Bg4 24. Nfd2 b5 25. Ng3 h5 26. f3 Bc8 27. b4 h4 28. Nh1
Be6 29. Nf2 f5 30. Nd3 Nxd3 31. Bxd3 Bd6 32. Nf1 a5 33. Re2 a4 34. Rae1 Bf4 35.
Qb2 Qd6 36. Kh1 Qd7 37. Ne3 Bg5 38. Kg1 Bf6 39. Kf2 Rh8 40. Rh1 f4 41. Nf1 Rh5
42. Ke1 Re8 43. Kd1 Rhh8 44. Nd2 Bd8 45. Ne4 Bb6 46. Kc1 Bb3 47. h3 Re7 48.
Rhe1 Rhe8 49. Qd2 Qc7 50. Kb2 f6 51. Bc2 Bc4 52. Bd3 Bd5 53. Nf2 g5 54. Rxe7+
Rxe7 55. Rxe7+ Qxe7 56. Qe2 1/2-1/2